Niektoré aspekty využívania videokonferencií na Ekonomickej univerzite - Bratislava

Analýza a niektoré poznatky z využívania videokonferencií vo vzdelávacom procese Ekonomickej univerzity v Bratislave. Príspevok je zameraný na dva problémy: možnosti využitia videkonferencií vo vzdelávaní - technické a organizačné aspekty - niektoré úskalia a odlišnosti pri vyučovaní pomocou videoko...

Descripción completa

Guardado en:
Detalles Bibliográficos
Autor principal: Kultan, Jaroslav, 1960-
Formato: Capítulo de libro
Lenguaje:eslovaco
Materias:
Etiquetas: Agregar Etiqueta
Sin Etiquetas, Sea el primero en etiquetar este registro!

MARC

LEADER 00000naa$a2200000$$$4500
001 0041081
005 20240502071510.1
041 0 |a slo 
044 |a SK 
245 1 0 |a Niektoré aspekty využívania videokonferencií na Ekonomickej univerzite - Bratislava  |c Jaroslav Kultan 
520 |a Analýza a niektoré poznatky z využívania videokonferencií vo vzdelávacom procese Ekonomickej univerzity v Bratislave. Príspevok je zameraný na dva problémy: možnosti využitia videkonferencií vo vzdelávaní - technické a organizačné aspekty - niektoré úskalia a odlišnosti pri vyučovaní pomocou videokonferencií - metodické a didaktické aspekty. 
610 2 0 |a konferencie elektronické 
610 2 0 |a vyučovanie 
610 2 0 |a technika výpočtová 
610 2 0 |a vzdelávanie elektronické 
610 2 0 |a konzultácie 
610 2 0 |a práce diplomové 
610 2 0 |a vzdelávanie dištančné 
610 2 0 |a didaktika 
610 2 0 |a Ekonomická univerzita v Bratislave 
100 1 |a Kultan, Jaroslav, 1960-